| 000 | 01306cam a22003497a 4500 | ||
|---|---|---|---|
| 999 |
_c331137 _d331137 |
||
| 001 | 17065517 | ||
| 003 | NUST | ||
| 005 | 20180118110450.0 | ||
| 008 | 111201s2013 nyua 000 0 eng d | ||
| 010 | _a 2011944587 | ||
| 020 | _a9780071789820 (pbk.) | ||
| 020 | _a0071789820 (pbk.) | ||
| 035 | _a(OCoLC)ocn810272730 | ||
| 040 |
_aGAP _cGAP _dOCLCO _dYDXCP _dBWX _dQBX _dDLC |
||
| 042 | _alccopycat | ||
| 050 | 0 | 0 |
_aQC32 _b.H326 2013 |
| 082 | 0 | 4 | _a530 |
| 100 | 1 |
_aHalpern, Alvin M. _94635 |
|
| 245 | 1 | 0 |
_aMcGraw-Hill's 500 college physics questions : _bace your college exams / _cAlvin Halpern. |
| 246 | 1 | 4 | _aMcGraw-Hill's 500 questions college physics |
| 246 | 1 | 8 | _a500 college physics questions |
| 246 | 3 | _aMcGraw-Hill's five hundred college physics questions | |
| 260 |
_aNew York : _bMcGraw-Hill, _cc2013. |
||
| 300 |
_avii, 213 p. : _bill. ; _c23 cm. |
||
| 490 | 0 | _aMcGraw-Hill's 500 questions | |
| 650 | 0 |
_aPhysics _vExaminations, questions, etc. _94636 |
|
| 906 |
_a7 _bcbc _ccopycat _d2 _eepcn _f20 _gy-gencatlg |
||
| 942 |
_2ddc _cBK |
||